Orte nach Ländern erraten - Deutschland - Statistiken

Allgemein
  • Dieses Quiz wurde 564 mal gespielt
  • Das Durchschnittsergebnis liegt bei 12 aus 15
Antwortstatistiken
Beschreibung Stadt % Korrekt
Die Hauptstadt Berlin
100%
Hamburg
99%
Die beiden anderen Stadtstaaten Bremen
98%
Einzige Stadt des Landes mit einer Skyline aus Wolkenkratzern Frankfurt am Main
97%
München
97%
Regierungssitz 1949-1999 Bonn
96%
Die beiden noch fehlenden Millionenstädte Köln
96%
Größte Stadt des Ruhrgebiets Dortmund
88%
Diese Stadt existiert eigentlich gar nicht Bielefeld
86%
Wiege der Automobilindustrie Stuttgart
81%
Hier fanden nach dem 2. Weltkrieg Prozesse gegen deutsche Kriegsverbrecher statt. Nürnberg
74%
Namensgeber des Staats für die Zeit 1919-1933 Weimar
73%
Standort des ersten Konzentrationslagers Dachau
55%
Namensgeber einer Gras- und Waldlandschaft im Norden des Landes Lüneburg
46%
Ehemalige Krönungsstätte der römisch-deutschen Kaiser Aachen
44%
Keine übereinstimmenden Quizze gefunden
Verteilung der Resultate
Anzahl Personen mit jedem Resultat
Perzentil nach korrekt beantworteten Fragen
Ihre Resultats-Entwicklung
Sie haben dieses Quiz noch nicht gespielt